LIBRARY & INFORMATION CENTRE, KCAET, TAVANUR

ONLINE PUBLIC ACCESS CATALOGUE (OPAC)

Indian economy (Record no. 11229)

MARC details
000 -LEADER
fixed length control field 00390cam a2200169ua 4500
041 ## - LANGUAGE CODE
Language code of text/sound track or separate title eng
082 ## - DEWEY DECIMAL CLASSIFICATION NUMBER
Classification number 330.954
Item number RUD/IN
100 ## - MAIN ENTRY--AUTHOR NAME
Personal name Ruddar datt, K.P.M sundharan .
245 ## - TITLE STATEMENT
Title Indian economy
260 ## - PUBLICATION, DISTRIBUTION, ETC. (IMPRINT)
Place of publication Delhi :
Name of publisher Niraj Prakashan ,
Year of publication 1966.
300 ## - PHYSICAL DESCRIPTION
Number of Pages 832 ; .
942 ## - ADDED ENTRY ELEMENTS (KOHA)
Koha item type Books
Holdings
Withdrawn status Lost status Damaged status Home library Current library Date acquired Full call number Accession Number Koha item type
Withdrawn     KAUAET Sanskrit University 07/04/2012 330.954 10511 Books
free website counter